Normale Ansicht
MARC-Ansicht
Eintrag Personenname
001 - Kontrollnummer
- Kontrollfeld: 5997
003 - Kontrollnummer Identifier
- Kontrollfeld: RU-10907106
005 - Datum und Zeit der letzten Transaktion
- Kontrollfeld: 20220426191451.0
008 - Datenelemente mit fester Länge
- Kontrollfeld mit fester Länge: 220426|| aca||aabn | a|a d
040 ## - Katalogisierungsquelle
- Original-Katalogisierungsstelle: RU-10907106
- Übertragungsstelle: RU-10907106
100 ## - Ansetzung - Personenname
- Personenname: Lacroix, Stéphane,
- Datumsangaben in Verbindung mit einem Namen: 1978-
670 ## - Datenquelle
- Quellenangabe: Work cat.: (RU-10907106)59829: Revisiting the Arab uprisings :